El crepúsculo del mundo.
محفوظ في:
| المؤلف الرئيسي: | |
|---|---|
| مؤلفون آخرون: | |
| التنسيق: | غير معروف |
| منشور في: |
Barcelona, España:
Blackie Books,
2023.
|
| الموضوعات: | |
| الوسوم: |
إضافة وسم
لا توجد وسوم, كن أول من يضع وسما على هذه التسجيلة!
|
MARC
| LEADER | 00000 a2200000 4500 | ||
|---|---|---|---|
| 003 | CL-VaPUC | ||
| 005 | 20240418114124.0 | ||
| 008 | 240404t2023 ||||| |||| 00| 0 eng d | ||
| 999 | |c 443437 |d 443435 | ||
| 020 | |a 978-84-19654-73-1 | ||
| 040 | |c Pontificia Universidad Católica de Valparaíso | ||
| 082 | 7 | |2 22 |a 833.92 HER 2023 | |
| 100 | |a Herzog, Werner |9 572015 |e author | ||
| 245 | |a El crepúsculo del mundo. | ||
| 260 | |a Barcelona, España: |b Blackie Books, |c 2023. | ||
| 300 | |a 181 páginas. | ||
| 583 | |k Catalogador Asistente |c 20240404 | ||
| 600 | 0 | |9 888278 |a Onoda, Hiroo |c Soldado japonés |v Guerra mundial, 1939-1945 |z Japón |z Filipinas | |
| 650 | 0 | |9 322037 |a Novela alemana |v Guerra mundial, 1939-1945 |y Japón |z Filipinas | |
| 700 | |9 888277 |a Bornas, Mariana |e traducción | ||
| 942 | |2 ddc |c BK | ||
| 952 | |0 0 |1 0 |2 ddc |4 0 |6 833_920000000000000_HER_2023 |7 0 |8 A |9 593975 |a BIBART |b BIBART |d 2024-04-04 |e 181 |g 20000.00 |i 5660616 |l 3 |o 833.92 HER 2023 |p 5660616 |q 2025-07-31 |r 2025-03-13 |s 2024-12-19 |t 1 |v 20000.00 |w 2024-04-04 |y BK |k ART | ||